Top 200 Baby Names of 1880: Boys Quiz Stats

 Plays Quiz not verified by Sporcle

Challenge
Share
Tweet
Embed
Score 0/200 Timer 15:00
0 Plays Today
Rank Name % Correct
1John
98.1%
3James
95.9%
2William
95.4%
5George
94.3%
8Thomas
93.4%
10Robert
93.3%
4Charles
93.1%
18David
92.9%
60Paul
92.7%
55Ed
92.1%
31Peter
92.1%
6Frank
91.3%
9Henry
91.2%
46Michael
91%
11Edward
90.9%
7Joseph
90.7%
23Richard
90.7%
12Harry
90.4%
25Daniel
90.2%
27Will
89.8%
98Dan
89.4%
24Andrew
89.4%
161Jose
89.1%
15Fred
87.7%
36Sam
87.3%
77Jack
87.2%
17Samuel
86.7%
160Mark
86.3%
117Matthew
86%
58Ben
85.8%
32Benjamin
85.3%
84Stephen
83.9%
33Frederick
83.5%
20Joe
83.2%
16Albert
82.3%
116Harold
81.5%
40Tom
81.1%
21Charlie
81%
42Carl
80.7%
183Timothy
80.7%
49Jim
80%
103Anthony
79.8%
92Alex
78.9%
73Alexander
78.7%
50Francis
78.6%
136Victor
78.5%
14Arthur
77.7%
123Adam
77.6%
69Oliver
77.6%
67Patrick
77.4%
141Christopher
77.4%
93Leo
77.3%
65Lawrence
76.9%
115Nathan
76.9%
45Martin
76.8%
81Philip
76.6%
39Jacob
76%
114Leon
76%
174Phillip
75.2%
13Walter
75%
78Leonard
74.9%
104Eddie
74.2%
19Louis
73.5%
70Theodore
72.6%
178Nicholas
72.4%
95Ray
72.1%
34Willie
71.6%
Rank Name % Correct
87Raymond
70.7%
57Edwin
70.4%
35Alfred
69.9%
62Isaac
69.6%
82Allen
69.4%
131Aaron
69%
30Lewis
66.4%
112Franklin
66.4%
29Oscar
65.7%
163Abraham
65.5%
44Howard
65.5%
188Jeff
63%
37Roy
62.1%
61Edgar
61.9%
143Mike
60.6%
38Herbert
60.2%
191Stanley
59.9%
99Jerry
58.9%
26Ernest
58.1%
106Dennis
57.7%
177Eli
56.7%
142Jake
56.4%
28Jesse
56.2%
132Alvin
55.9%
97Bernard
55.9%
102Dave
55.9%
133Norman
55.8%
54Ralph
54.9%
43Lee
54.7%
129Melvin
54.6%
53Eugene
54.6%
157Simon
53.8%
89Warren
53.2%
22Clarence
52.7%
100Calvin
52.5%
52Earl
52.2%
128Jess
52.1%
71Hugh
52%
47Bert
51.2%
130Noah
50.9%
121Lester
50.1%
169Owen
50.1%
85Chester
50%
184Marvin
49.5%
135Elijah
49.3%
124Lloyd
48%
196Russell
47.1%
75Floyd
46.6%
187Edmund
46.4%
48Herman
45.2%
51Harvey
44.6%
90Jessie
43.5%
171Anton
43.1%
72Clyde
42.8%
107Clifford
42.3%
172Morris
42.1%
91Milton
41.9%
108Leroy
41.4%
151Claud
41.3%
56Claude
41.3%
146Maurice
40.3%
109Wesley
39.9%
162Wilbur
39.5%
150Wallace
39.1%
186Curtis
38.3%
59Charley
37.9%
94Julius
37.7%
Rank Name % Correct
41Elmer
37.1%
79Horace
37%
76Homer
36.6%
167Leslie
36.5%
190Harrison
35.9%
127Jay
35.3%
120Everett
34.4%
179Wilson
34.1%
74August
33.3%
64Luther
32.3%
198Arch
31.9%
134Gilbert
31.8%
83Archie
31.5%
126Fredrick
31.1%
154Earnest
30.9%
105Amos
30.7%
165Clinton
30.4%
119Moses
30%
176Emmett
30%
66Ira
29.9%
96Sidney
29.4%
185Ross
29.2%
200Clayton
29.1%
138Nelson
28.8%
118Levi
28.6%
68Guy
27.8%
63Otto
27.7%
144Percy
27.1%
168Marshall
26.3%
137Gus
26.2%
101Perry
26.2%
159Irvin
26.1%
148Felix
26.1%
189Elias
26%
197Solomon
25.9%
175Augustus
25.3%
140Silas
25.1%
158Willard
24.5%
156Otis
24.5%
139Jasper
24.1%
86Willis
23.8%
173Manuel
23.7%
80Marion
23.5%
195Ollie
23.3%
125Mack
23%
153Sylvester
21.9%
149Reuben
21.5%
193Lon
20.8%
155Hiram
19.7%
164Virgil
19.1%
145Adolph
18.6%
113Emil
17.6%
88Rufus
17.3%
199Asa
16.5%
110Alonzo
16.1%
152Roscoe
14.9%
147Cornelius
14.6%
181Harley
13.7%
111Garfield
12.9%
166Elbert
12.5%
194Ora
11.9%
180Alva
10.3%
182Newton
9%
170Wiley
8.8%
192Columbus
8.1%
122Winfield
7.7%

You're not logged in!

Compare scores with friends on all Sporcle quizzes.
Join for Free
OR
Log In

You Might Also Like...

Show Comments

Extras

Curator's Pick Jun 5, 2011SourceReportNominate
Tags:Baby Names Quiz

Top Quizzes Today


Score Distribution

Your Account Isn't Verified!

In order to create a playlist on Sporcle, you need to verify the email address you used during registration. Go to your Sporcle Settings to finish the process.

Report this User

Report this user for behavior that violates our Community Guidelines.

Details: